000 00294nam a2200133Ia 4500
008 191201s2012 xx 000 0 und d
100 _aGUPTA, S.L.
245 0 _aResearch Methodology
250 _aRep
260 _aN. delhi
_bIBH
_c2012
300 _a474
650 _aMBA
942 _2ddc
_cBK
_04
999 _c5456
_d5456